| 000 | 00584ngm a2200169 a 4500 | ||
|---|---|---|---|
| 005 | 20210223124332.0 | ||
| 008 | 010907s1980 mx 016 aaspa d | ||
| 035 | _aUPN01000111072 | ||
| 049 | _aAV | ||
| 050 | 4 | _aPVI Q 1122 | |
| 245 | 0 | 1 | _a¿Cómo dan forma los seres vivos a la tierra? |
| 260 |
_aMéxico : _bPelículas Ebesa [distribuidor], _c[198-?]. |
||
| 300 |
_a1 videocasete (VHS) (16 min.) : _bson., col. |
||
| 520 | _aEste video presenta experimentos que demuestran cómo las plantas y los animales erosionan el suelo | ||
| 650 | 4 |
_aEROSION _921696 |
|
| 905 | _aAudiovisuales | ||
| 999 |
_c84981 _d84981 |
||